000 00428nam a2200181Ia 4500
001 12787
005 20260306163006.0
008 260306t1972||||xx |||||||||||||| ||spa||
041 _aESP
082 _aRD 320
_bN65
100 _aAquistapace, Jean-Noel
_eAUT
245 0 _aDiccionario de la política
260 _c1972
300 _a343 páginas :
_c18 cm.
650 _aGEN
654 _aCDE
942 _cDIC
_dJUS
_fJUS
_2ddc
_n
999 _c12787
_d12787